Information technology: The management challenge

The book balances theory and proven management frameworks and is illustrated with practical cases; explains in management terms the capabilities of IT in business; provides a good guide to discover how to apply IT for strategic advantage

में बचाया:
ग्रंथसूची विवरण
मुख्य लेखक: N Caroline Daniels
स्वरूप: पुस्तक
भाषा:Undetermined
प्रकाशित: Workingham, England Addison-Wesley 1994
विषय:
टैग : टैग जोड़ें
कोई टैग नहीं, इस रिकॉर्ड को टैग करने वाले पहले व्यक्ति बनें!
Thư viện lưu trữ: Trung tâm Học liệu Trường Đại học Cần Thơ
LEADER 00805nam a2200193Ia 4500
001 CTU_19055
008 210402s9999 xx 000 0 und d
082 |a 658.45 
082 |b D186 
100 |a N Caroline Daniels 
245 0 |a Information technology: The management challenge 
245 0 |c N Caroline Daniels 
260 |a Workingham, England 
260 |b Addison-Wesley 
260 |c 1994 
520 |a The book balances theory and proven management frameworks and is illustrated with practical cases; explains in management terms the capabilities of IT in business; provides a good guide to discover how to apply IT for strategic advantage 
650 |a information resources management,information retrieval 
904 |i Minh, 971007 
980 |a Trung tâm Học liệu Trường Đại học Cần Thơ